Sensitivity analysis in linear regression /

Bibliographic Details
Main Author: Chatterjee, Samprit, 1938-
Other Authors: Hadi, Ali S.
Format: Book
Language:English
Published: New York : Wiley, [1988]
Series:Wiley series in probability and mathematical statistics. Applied probability and statistics.
Subjects:

MARC

Tag First Indicator Second Indicator Subfields
LEADER 00000cam a22000008a 4500
001 in00000017054
005 20151007053352.0
008 871005s1988 nyua b 00110 eng
010 |a  87028580  
020 |a 0471822167 :  |c $25.95 (est.) 
035 |a (OCoLC)16923977 
035 |9 AAB1403AM 
040 |a DLC  |c DLC  |d TXA  |d UtOrBLW 
049 |a TXAM  |c 1 [A11048513], 2 [A13001062] 
050 0 0 |a QA278.2  |b .C52 1988 
082 0 |a 519.5/36  |2 19 
100 1 |a Chatterjee, Samprit,  |d 1938- 
245 1 0 |a Sensitivity analysis in linear regression /  |c Samprit Chatterjee, Ali S. Hadi. 
263 |a 8802 
264 1 |a New York :  |b Wiley,  |c [1988] 
264 4 |c ©1988 
300 |a xiv, 315 pages :  |b illustrations 
336 |a text  |b txt  |2 rdacontent 
337 |a unmediated  |b n  |2 rdamedia 
338 |a volume  |b nc  |2 rdacarrier 
490 1 |a Wiley series in probability and mathematical statistics. Applied probability and statistics 
504 |a Bibliography: pages 301-307. 
500 |a Includes index. 
650 0 |a Regression analysis. 
650 0 |a Perturbation (Mathematics) 
650 0 |a Mathematical optimization. 
700 1 |a Hadi, Ali S. 
830 0 |a Wiley series in probability and mathematical statistics.  |p Applied probability and statistics. 
999 |a MARS 
999 f f |s 42ae86d1-e9a5-30ca-aa00-992979781978  |i a6648c9f-2560-320a-bf40-af6b04ac7674  |t 0 
952 f f |p normal  |a Texas A&M University  |b College Station  |c Sterling C. Evans Library  |d Evans: Library Stacks  |t 0  |e QA278.2 .C52 1988  |h Library of Congress classification  |i unmediated -- volume  |m A14813001062 
998 f f |a QA278.2 .C52 1988  |t 0  |l Evans: Library Stacks